01622nam a2200325 a 4500001001000000003000900010005001700019007001000036008004100046020001500087040002200102092001700124100003000141245011100171260005200282300002900334500008400363505042800447650004000875650005100915650003300966650001600999651002601015700003801041942001201079945003901091952011201130956003901242999001501281000012903DO-SdBNP20180305140256.0000012903091118s2010 dr ac 000 0 spa d a9945400118 aBPMSUbspacBPMSU a373.61bxxxx aRincón, Andrea Griselda00aLengua II :bprimer ciclo educación media /cAndrea Griselda Rincón, Julia Mery Vásquez Güichardo aSanto Domingo :bActualidad Escolar 2000,c2010 a250 p. :bil. ;c29 cm. aLa Biblioteca posee la Guía metodológica del primer ciclo educación media0 gv. 2 : Primer ciclotPrimeras graduadas del instituto de señoritas Salomé UreñatUn encuentro en la playatOuro pretotEl hombretLa vegatHay un pais en el mundotPolémica sobre los test genéticos en selección de personaltLos resultados macroeconómicos del 2005tEl petróleo en nuestra vidatLa agropecuaria mueve el 80% de la economía en OcoatCañas y bueyestLa belleza masculina un punto polémico aGRAMÁTICAxENSEÑANZA SECUNDARIA aEDUCACIÓN SECUNDARIAxREPÚBLICA DOMINICANA aGRAMÁTICAxLIBROS DE TEXTO aGRAMÁTICA xESTUDIOS Y EJERCICIOS12aVásquez Güichardo, Julia Mery 2ddccBK aRemanejado para la BNPHU / 2018 VM 00102ddc4070aBPMETbBPMETd2016-04-15eDonaciónl0o373.61pBPMSU16040474r2016-04-15w2016-04-15yBK aVMATEOb10c20150813lBPMSUh00151 c9796d9796